| 000 | 00676nam a2200229Ia 4500 | ||
|---|---|---|---|
| 003 | GCL | ||
| 008 | 140319s9999 xx 000 0 ara d | ||
| 020 | _a7258202977 | ||
| 040 |
_aGCL / _cGCL |
||
| 082 | 0 | 4 |
_a819.9 _bع ا |
| 100 | 1 | _aعباس محمود العقاد | |
| 245 | 1 | 0 |
_aاشتات مجتمعات فى اللغة والادب / _cعباس محمود العقاد |
| 250 | _aالسادسة | ||
| 260 |
_aالقاهرة : _bدار المعارف ، _c1988 |
||
| 300 |
_a156 ص ؛ _c18 سم |
||
| 490 | _a | ||
| 650 | 0 | 4 | _aالادب العربى |
| 650 | 0 | 4 | _aالنحو |
| 650 | 0 | 4 | _aاللغة العربية |
| 650 | 0 | 4 | _aالفاظ |
| 942 |
_2ddc _cBK |
||
| 999 |
_c27493 _d27493 |
||